00429pab a2200145 454500008004000000100001900040245012200059260000900181300001200190362001100202650001700213650001200230700002200242773001900264180718b2001 xxu||||| |||| 00| 0 eng d aMottiar, Ziene aEvaluting the economic and social effects of the seaside resort areas scheme: a case study Courtown, country wexford. c2001 ap.68-86 aAutumn aCase studies aTourism aQuinn, Bernadette aAdministration